Quyntin Điuơt Tiểu thuyết Tập 1

Shranjeno v:
Bibliografske podrobnosti
Glavni avtor: Xcốt Oantơ
Drugi avtorji: Phạm Thủy Ba (dịch)
Format: Knjiga
Jezik:Vietnamese
Izdano: Đà Nẵng Nxb. Đà Nẵng 1988
Serija:Văn học cổ điển nước ngoài. Văn học Anh
Teme:
Oznake: Označite
Brez oznak, prvi označite!
Thư viện lưu trữ: Mạng thư viện Đại học Đà Nẵng
LEADER 01217nam a2200361 4500
001 000005877
003 2030
005 20120412090453.0
008 110824s1988 viesd
020 |c 16000đ 
041 0 |a vie 
082 |a 823  |b XC-O 
100 1 |a Xcốt Oantơ 
245 1 0 |a Quyntin Điuơt  |b Tiểu thuyết  |c Oantơ Xcốt ; Phạm Thủy Ba dịch  |n Tập 1 
260 |a Đà Nẵng  |b Nxb. Đà Nẵng  |c 1988 
300 |a 464 tr  |c 19 cm 
490 |a Văn học cổ điển nước ngoài. Văn học Anh 
653 |a Văn học cổ điển 
653 |a Văn học Anh 
653 |a Tiểu thuyết 
700 |a Phạm Thủy Ba  |e dịch 
773 |t Quyntin Điuơt  |w 2029 
910 |a Nguyễn Thị Kim Oanh  |d 24/08/2011 
OWN |a LSP 
AVA |a UDN50  |b LSP  |d 823 XC-O  |e unavailable  |t Error 5002 Not defined in file expand_doc_bib_avail.  |f 1  |g 1  |h N  |i 0  |k 1 
999 |a From the UDN01 
AVA |a UDN50  |b LSP  |d 823 XC-O  |e unavailable  |t Error 5002 Not defined in file expand_doc_bib_avail.  |f 1  |g 1  |h N  |i 0  |k 1 
TYP |a Monograph 
TYP |a Printed language 
980 |a Mạng thư viện Đại học Đà Nẵng